| 000 | 00393pab a2200157 454500 | ||
|---|---|---|---|
| 008 | 180718b2006 xxu||||| |||| 00| 0 eng d | ||
| 100 | _aAcemoglu, Daron et al. | ||
| 245 | _aDid medicare induce pharmaceutical innovation? | ||
| 260 | _c2006 | ||
| 300 | _ap.103-07. | ||
| 362 | _aMay | ||
| 650 | _aDrugs | ||
| 650 | _aHealth services | ||
| 773 | _aAmerican Economic Review | ||
| 909 | _a69977 | ||
| 999 |
_c69977 _d69977 |
||